书目信息 |
| 题名: |
你把青春献给谁
|
|
| 作者: | 张宏杰 著 | |
| 分册: | ||
| 出版信息: | 北京 中国青年出版社 2004.10 |
|
| 页数: | 364页 | |
| 开本: | 23cm | |
| 丛书名: | ||
| 单 册: | ||
| 中图分类: | G645.5 | |
| 科图分类: | ||
| 主题词: | 大学生--da xue sheng--学生生活--青年--读物 | |
| 电子资源: | ||
| ISBN: | 7-5006-5973-3 | |
| 000 | 00949nam0 2200265 450 | |
| 001 | CAL 012005020443 | |
| 005 | 20050601151706.0 | |
| 010 | @a7-5006-5973-3@d25.00CNY | |
| 099 | @aCAL 012005020443 | |
| 100 | @a20050314d2004 em y0chiy0121 ea | |
| 101 | 0 | @achi |
| 102 | @aCN@b110000 | |
| 105 | @ay z 000yy | |
| 200 | 1 | @a你把青春献给谁@Ani ba qing chun xian gei shei@e50位中国名校大学生的成长故事@f张宏杰著 |
| 210 | @a北京@c中国青年出版社@d2004.10 | |
| 215 | @a364页@d23cm | |
| 314 | @a张宏杰, 广东潮汕人, 1974年出生, 1993年到北京上大学, 中途退学。1995年至1999年在清华大学根植文学梦想,登上文坛。 | |
| 517 | 1 | @a50位中国名校大学生的成长故事@A50 wei zhong guo ming xiao da xue sheng de cheng zhang gu shi |
| 606 | 0 | @a大学生@Ada xue sheng@x学生生活@x青年@j读物 |
| 690 | @aG645.5@v4 | |
| 701 | 0 | @a张宏杰@Azhang hong jie@4著 |
| 801 | 0 | @aCN@bNCIT@c20050314 |
| 905 | @a10447@dG645.5@eZ110 | |
| 906 | @dCNY25.00@n0@r1 | |
| 998 | @aNCIT | |
| 你把青春献给谁:50位中国名校大学生的成长故事/张宏杰著.-北京:中国青年出版社,2004.10 |
| 364页;23cm |
| ISBN 7-5006-5973-3:25.00CNY |
| ● |
| 相关链接 |
|
|
|
正题名:你把青春献给谁
索取号:G645.5/Z110
 
预约/预借
| 序号 | 登录号 | 条形码 | 馆藏地/架位号 | 状态 | 备注 |
| 1 | 535502 | 205355024 | 社科库409/ [索取号:G645.5/Z110] | 在馆 | |
| 2 | 535503 | 205355033 | 社科库409/309社科库 98排3列5层/ [索取号:G645.5/Z110] | 在馆 | |
| 3 | 535504 | 205355042 | 社科库409/409社科库 12排4列1层/ [索取号:G645.5/Z110] | 在馆 |